00521nam a2200217Ia 450000500170000000800460001702000180006303700100008104000080009104000080009904000080010704100080011504100080012308400080013110000100013924500530014926000310020226000090023365000160024285600450025820260306154944.0008 260114s9999 xx 000 0 eng d a9780511470394 aEBOOK aCRL beng cCRL 2eng aeng qCRL aStill 0aJustice and Difference in the Works of Rousseau  bCambridge University Press c2009 a Philosophy uhttps://doi.org/10.1017/CBO9780511470394